|
|
|
|
| LEADER |
00000naa2a2200000 4500 |
| 001 |
603957 |
| 005 |
20260205112816.0 |
| 035 |
|
|
|a (RuTPU)RU\TPU\conf\1189
|
| 035 |
|
|
|a RU\TPU\conf\1185
|
| 090 |
|
|
|a 603957
|
| 100 |
|
|
|a 20140212d2013 k y0rusy50 ca
|
| 101 |
0 |
|
|a rus
|
| 102 |
|
|
|a RU
|
| 135 |
|
|
|a drcn ---uucaa
|
| 181 |
|
0 |
|a i
|
| 182 |
|
0 |
|a b
|
| 200 |
1 |
|
|a Влияние комплексного модифицирования на основе ультрадисперсных порошков на структуру и свойства алюминиевых сплавов
|d Influence of the complex modification by ultrafine powders on the structure and properties of aluminum alloys
|f Л. А. Казанцева, А. П. Зыкова
|g науч. рук. И. А. Курзина
|
| 203 |
|
|
|a Текст
|c электронный
|
| 215 |
|
|
|a 1 файл(585 Кб)
|
| 225 |
1 |
|
|a Наноматериалы и нанотехнологии
|
| 300 |
|
|
|a Заглавие с экрана
|
| 320 |
|
|
|a [Библиогр.: с. 902 (3 назв.)]
|
| 330 |
|
|
|a X-ray diffraction and scanning electron microscopy were used for study of aluminum alloy AK7ch in two conditions: 1) without the addition of a modifier mixture (MM), and 2) after the introduction of MM. The phase composition and microstructure of the metal matrix, eutectic and intermetallic phases were studied. It was established that the addition of the modifying mixture with a reducing agent (Na3AlF6) leads to a change of the morphological structure and composition of the intermetallic phase and the ratio of main phases, as well as increase in tensile strength and elongation.
|
| 337 |
|
|
|a Adobe Reader
|
| 463 |
|
1 |
|0 (RuTPU)RU\TPU\conf\715
|t Перспективы развития фундаментальных наук
|l Prospects of fundamental sciences development
|o сборник научных трудов X Международной конференция студентов и молодых ученых, г. Томск, 23-26 апреля 2013 г.
|f Национальный исследовательский Томский политехнический университет (ТПУ) ; ред. коллегия Е. А. Вайтулевич ; Г. А. Лямина ; Г. А. Воронова ; М. Е. Семенов ; А. В. Устинов ; Н. С. Пушилина
|v [С. 899-902]
|d 2013
|
| 510 |
1 |
|
|a Influence of the complex modification by ultrafine powders on the structure and properties of aluminum alloys
|z eng
|
| 610 |
1 |
|
|a электронный ресурс
|
| 610 |
1 |
|
|a труды учёных ТПУ
|
| 610 |
1 |
|
|a комплексное обследование
|
| 610 |
1 |
|
|a модифицирование
|
| 610 |
1 |
|
|a ультрадисперсные порошки
|
| 610 |
1 |
|
|a алюминиевые сплавы
|
| 610 |
1 |
|
|a структура
|
| 610 |
1 |
|
|a свойства
|
| 700 |
|
1 |
|a Казанцева
|b Л. А.
|
| 701 |
|
1 |
|a Зыкова
|b А. П.
|c специалист в области правового обеспечения и кадровой политики
|c специалист по кадрам Томского политехнического университета
|f 1984-
|g Анна Петровна
|3 (RuTPU)RU\TPU\pers\28586
|
| 702 |
|
1 |
|a Курзина
|b И. А.
|c химик
|c доцент Томского политехнического университета, кандидат химических наук
|f 1972-
|g Ирина Александровна
|4 727
|
| 712 |
0 |
2 |
|a Национальный исследовательский Томский политехнический университет
|c (2009- )
|9 26305
|
| 801 |
|
1 |
|a RU
|b 63413507
|c 20101016
|
| 801 |
|
2 |
|a RU
|b 63413507
|c 20230324
|g RCR
|
| 856 |
4 |
|
|u http://www.lib.tpu.ru/fulltext/c/2013/C21/308.pdf
|
| 942 |
|
|
|c CF
|